Tridcat´dve sonaty dlja fortepijano
Uložené v:
| Hlavný autor: | |
|---|---|
| Ďalší autori: | |
| Médium: | Zvuková nahrávka |
| Jazyk: | Russian |
| Vydané: |
[Moskva] :
Melodija,
[1967].
|
| Fyzický popis: |
1 gramofónová platňa : analog, 33 1/3 ot/min., stereo ; 30 cm + text. príl. |
| Tagy: |
Pridať tag
Žiadne tagy, Buďte prvý kto otaguje tento záznam!
|
Titul je dostupný aj v ... 

MARC
| LEADER | 00000njm a22000004a 4500 | ||
|---|---|---|---|
| 001 | 000444530 | ||
| 003 | SVKKK | ||
| 005 | 20161025110142.0 | ||
| 008 | 130816s1967 ru rus d | ||
| 028 | 0 | 1 | |a S 10-05583 |b Melodija |
| 028 | 0 | 1 | |a S 10-05584 |b Melodija |
| 040 | |a SVKKK |b slo |c SVKKK |e AACR2 | ||
| 041 | 0 | |d rus | |
| 044 | |a ru |c RU | ||
| 100 | 1 | |a Beethoven, Ludwig van, |d 1770-1827 |4 cmp | |
| 245 | 1 | 0 | |a Tridcat´dve sonaty dlja fortepijano |h [zvukový záznam] / |c Betchoven. |
| 246 | 3 | 3 | |a 32 sonaty dlja fortepijano |
| 246 | 3 | 1 | |a Thirty two sonates for piano |
| 260 | |a [Moskva] : |b Melodija, |c [1967]. | ||
| 300 | |a 1 gramofónová platňa : |b analog, 33 1/3 ot/min., stereo ; |c 30 cm + |e text. príl. | ||
| 500 | |a Obalový názov | ||
| 511 | 0 | |a Účinkuje Maria Grinberg, klavír | |
| 700 | 1 | |a Grinberg, Maria |4 prf | |
| 910 | |a svkkk | ||
| 998 | |a AM | ||
| 924 | |a LP | ||
| 924 | |a AVM | ||